Sports Quiz

Random Sports Quiz

Most England International Caps Quiz Stats

 Plays Quiz not verified by Sporcle

Challenge
Share
Tweet
Embed
Score 0/20 Timer 05:00
0 Plays Today
Caps Player % Correct
115David Beckham
98.6%
80Steven Gerrard
80%
78Frank Lampard
75.7%
106Bobby Charlton
74.3%
108Bobby Moore
67.1%
89Michael Owen
67.1%
78Rio Ferdinand
67.1%
78Ashley Cole
64.3%
75David Seaman
57.1%
85Gary Neville
55.7%
Caps Player % Correct
90Bryan Robson
51.4%
105Billy Wright
41.4%
86Kenny Sansom
27.1%
84Ray Wilkins
27.1%
79John Barnes
27.1%
78Stuat Pearce
24.3%
77Terry Butcher
24.3%
125Peter Chilton
14.3%
80Gary Linekar
14.3%
76Tom Finney
10%

You're not logged in!

Compare scores with friends on all Sporcle quizzes.
Join for Free
OR
Log In

You Might Also Like...

Show Comments

Extras

Top Quizzes Today


Score Distribution

Your Account Isn't Verified!

In order to create a playlist on Sporcle, you need to verify the email address you used during registration. Go to your Sporcle Settings to finish the process.

Report this User

Report this user for behavior that violates our Community Guidelines.

Details: